Personajes de dibujos animados #2 - Estadísticas

Estadísticas generales
  • Esta prueba ha sido intentada 960 veces
  • La puntuación promedio es 17 de 24
Estadísticas de respuestas
Imagen Respuesta % Correcto
Don Cangrejo
97%
Pato Donald
97%
Tom
97%
Lisa
96%
Mickey Mouse
94%
Ben 10
93%
Perry
93%
Correcaminos
89%
Burbuja
88%
Wanda
81%
Rick
79%
Óliver
77%
Gigante
74%
Polar
68%
Mordecai
66%
Dexter
65%
Tito Yayo
59%
Skipper
53%
Aang
52%
Flora
48%
Billy
40%
Dipper
33%
Samurai Jack
22%
Titeuf
17%
No se encontraron pruebas coincidentes
Distribución de puntuación
Porcentaje de gente con cada puntuación
Porcentaje por número respondido
Historial de tus puntuaciones
No has intentado esta prueba.